Kameň časopis zamestnancov znárodneného Slovenského kameňopriemyslu

Bibliographic Details
Corporate Authors: Tempo (Liptovský Mikuláš, Slovensko) (Printer), Východoslovenské tlačiarne (Košice, Slovensko). Závod Liptovský Mikuláš (Printer)
Format: Journal
Language:Slovak
Hungarian
PhysicalDescription:2 zv. 22 x 31 cm
Published: Liptovský Mikuláš ZS ROH Slovenského kameňopriemyslu v Liptovskom Mikuláši 1949-1950
Subjects:

MARC

LEADER 00000cas a2200000 a 4500
001 vtls010301413
003 SK-MaSNL
005 20260228163221.0
008 110810d19491950xo mn p r 0 b0slo
015 |a SNBDS17XX9999 
040 |a SNK  |b slo  |c SNK  |e AACR2 
041 0 |a slo  |a hun 
044 |a xo  |c SK 
072 7 |a 622  |x Baníctvo  |2 konspekt 
072 7 |a 553  |x Ložisková geológia  |2 konspekt 
080 |a 553.5  |2 2011 
080 |a 622.35  |2 2011 
080 |a (085.3)  |2 2011 
080 |a 050  |2 2011 
245 0 0 |a Kameň  |b časopis zamestnancov znárodneného Slovenského kameňopriemyslu 
260 |a Liptovský Mikuláš  |b ZS ROH Slovenského kameňopriemyslu v Liptovskom Mikuláši  |c 1949-1950 
300 |a 2 zv.  |c 22 x 31 cm 
310 |a 1x mesačne 
362 0 |a Č. 1 (25. júl 1949)-č. 4 (30. apr. 1950) 
500 |a Zmena podnázvu: od č. 3 (19. nov. 1949), časopis zamestnancov Slovenského kameňopriemyslu n. p. 
500 |a Red.: Filip Hodás, od č. 3 (19. nov. 1949) Juraj Stolár ; Zodp. zást.: M. Bustin, od č. 4 (8. dec. 1949) B. Šrol-Pavlovič 
500 |a Tlač: Kníhtlačiareň Tempo v Lipt. Mikuláši, od č. 1 (31. jan. 1950) Východoslov. tlačiarne, n. p., záv. v Lipt. Mikuláši 
546 |a Text aj maďar. 
650 0 7 |a kameňolomy  |2 SNKPH  |9 20608 
655 7 |a podnikové periodiká  |2 SNKPH  |9 132333 
700 1 |a Hodás, Filip  |4 red  |9 273375 
700 1 |a Stolár, Juraj  |4 red  |9 273376 
700 1 |a Bustin, M.  |4 red  |9 273377 
700 1 |a Šrol-Pavlovič, B.  |4 red  |9 273378 
710 2 |a Slovenský kameňopriemysel (Liptovský Mikuláš, Slovensko)  |4 pbl  |9 217366 
710 2 |a Tempo (Liptovský Mikuláš, Slovensko)  |4 prt  |9 220336 
710 2 |a Východoslovenské tlačiarne (Košice, Slovensko).  |b Závod Liptovský Mikuláš  |4 prt  |9 217368 
910 |a snk 
916 |a 1949-1950 
999 |c 9039  |d 10969 
952 |0 0  |1 0  |4 0  |7 0  |8 5  |a SNK  |b SNK  |d 2013-12-19  |i snkF 2626/68  |l 0  |o snkČSB 510/1/1949 D1  |p 17A1022175  |r 2026-02-21 19:43:45  |t č. 1-6  |w 2026-02-21  |y PREZ 
952 |0 0  |1 0  |4 0  |7 0  |a SNK  |b SNK  |d 2022-05-10  |f 1  |i snk 571/50  |l 0  |o snkČSB 510/1949  |p 17A0711994  |r 2026-02-21 20:00:45  |t č. 1-6  |w 2026-02-21  |y PREZ 
952 |0 0  |1 0  |4 0  |7 0  |a SNK  |b SNK  |d 2022-05-10  |f 1  |i snk 1061/51  |l 0  |o snkČSB 510/1950  |p 17A0711814  |r 2026-02-21 20:00:45  |t č. 1-4  |w 2026-02-21  |y PREZ 
952 |0 0  |1 0  |4 0  |7 0  |a SNK  |b SNK  |d 2012-10-08  |i snkII. 1475/50  |l 0  |o snkČSB 510/2/1950 D1  |p 17A1052649  |r 2026-02-21 20:40:59  |t č. 1-4  |w 2026-02-21  |y PREZ